<?xml version="1.0" encoding="UTF-8"?>
<record
    xmlns:xsi="http://www.w3.org/2001/XMLSchema-instance"
    xsi:schemaLocation="http://www.loc.gov/MARC21/slim http://www.loc.gov/standards/marcxml/schema/MARC21slim.xsd"
    xmlns="http://www.loc.gov/MARC21/slim">

  <leader>01263nam a22002417a 4500</leader>
  <controlfield tag="003">NALT</controlfield>
  <controlfield tag="005">20251125233005.0</controlfield>
  <controlfield tag="008">      s2549    th                  tha d</controlfield>
  <datafield tag="040" ind1=" " ind2=" ">
    <subfield code="a">NALT</subfield>
  </datafield>
  <datafield tag="041" ind1=" " ind2=" ">
    <subfield code="a">tha</subfield>
  </datafield>
  <datafield tag="090" ind1=" " ind2=" ">
    <subfield code="a">KE 150.2</subfield>
    <subfield code="b">&#xE28;365&#xE2A; 2549 </subfield>
  </datafield>
  <datafield tag="110" ind1="2" ind2=" ">
    <subfield code="a">&#xE2A;&#xE33;&#xE19;&#xE31;&#xE01;&#xE07;&#xE32;&#xE19;&#xE28;&#xE32;&#xE25;&#xE1B;&#xE01;&#xE04;&#xE23;&#xE2D;&#xE07;.</subfield>
    <subfield code="9">6927</subfield>
  </datafield>
  <datafield tag="245" ind1="1" ind2="0">
    <subfield code="a">&#xE2A;&#xE23;&#xE38;&#xE1B;&#xE2B;&#xE25;&#xE31;&#xE01;&#xE1B;&#xE0F;&#xE34;&#xE1A;&#xE31;&#xE15;&#xE34;&#xE23;&#xE32;&#xE0A;&#xE01;&#xE32;&#xE23;&#xE08;&#xE32;&#xE01;&#xE04;&#xE33;&#xE27;&#xE34;&#xE19;&#xE34;&#xE08;&#xE09;&#xE31;&#xE22;&#xE02;&#xE2D;&#xE07;&#xE28;&#xE32;&#xE25;&#xE1B;&#xE01;&#xE04;&#xE23;&#xE2D;&#xE07;&#xE2A;&#xE39;&#xE07;&#xE2A;&#xE38;&#xE14; /</subfield>
    <subfield code="c">&#xE2A;&#xE33;&#xE19;&#xE31;&#xE01;&#xE07;&#xE32;&#xE19;&#xE28;&#xE32;&#xE25;&#xE1B;&#xE01;&#xE04;&#xE23;&#xE2D;&#xE07;</subfield>
  </datafield>
  <datafield tag="260" ind1=" " ind2=" ">
    <subfield code="a">&#xE01;&#xE23;&#xE38;&#xE07;&#xE40;&#xE17;&#xE1E;&#xE2F; : </subfield>
    <subfield code="b">&#xE2A;&#xE33;&#xE19;&#xE31;&#xE01;&#xE07;&#xE32;&#xE19;&#xE28;&#xE32;&#xE25;&#xE1B;&#xE01;&#xE04;&#xE23;&#xE2D;&#xE07;, </subfield>
    <subfield code="c">2549</subfield>
  </datafield>
  <datafield tag="300" ind1=" " ind2=" ">
    <subfield code="a">38 &#xE2B;&#xE19;&#xE49;&#xE32; ;</subfield>
    <subfield code="c">25 &#xE0B;&#xE21;.</subfield>
  </datafield>
  <datafield tag="650" ind1="0" ind2="4">
    <subfield code="a">&#xE04;&#xE14;&#xE35;&#xE1B;&#xE01;&#xE04;&#xE23;&#xE2D;&#xE07;</subfield>
    <subfield code="9">18140</subfield>
  </datafield>
  <datafield tag="650" ind1="0" ind2="4">
    <subfield code="a">&#xE28;&#xE32;&#xE25;&#xE1B;&#xE01;&#xE04;&#xE23;&#xE2D;&#xE07;&#xE2A;&#xE39;&#xE07;&#xE2A;&#xE38;&#xE14; -- &#xE04;&#xE33;&#xE27;&#xE34;&#xE19;&#xE34;&#xE08;&#xE09;&#xE31;&#xE22; -- &#xE2B;&#xE25;&#xE31;&#xE01;&#xE1B;&#xE0F;&#xE34;&#xE1A;&#xE31;&#xE15;&#xE34;&#xE23;&#xE32;&#xE0A;&#xE01;&#xE32;&#xE23;</subfield>
  </datafield>
  <datafield tag="650" ind1="0" ind2="4">
    <subfield code="a">&#xE28;&#xE32;&#xE25;&#xE1B;&#xE01;&#xE04;&#xE23;&#xE2D;&#xE07;&#xE2A;&#xE39;&#xE07;&#xE2A;&#xE38;&#xE14; -- &#xE04;&#xE33;&#xE27;&#xE34;&#xE19;&#xE34;&#xE08;&#xE09;&#xE31;&#xE22; -- &#xE2B;&#xE25;&#xE31;&#xE01;&#xE1B;&#xE0F;&#xE34;&#xE1A;&#xE31;&#xE15;&#xE34;&#xE23;&#xE32;&#xE0A;&#xE01;&#xE32;&#xE23;&#xE04;&#xE14;&#xE35;&#xE1B;&#xE01;&#xE04;&#xE23;&#xE2D;&#xE07;</subfield>
  </datafield>
  <datafield tag="850" ind1=" " ind2=" ">
    <subfield code="a">NALT</subfield>
  </datafield>
  <datafield tag="856" ind1="4" ind2="0">
    <subfield code="u">https://hdl.handle.net/20.500.14156/301222</subfield>
  </datafield>
  <datafield tag="942" ind1=" " ind2=" ">
    <subfield code="c">LB</subfield>
    <subfield code="2">local</subfield>
  </datafield>
  <datafield tag="999" ind1=" " ind2=" ">
    <subfield code="c">48080</subfield>
    <subfield code="d">48080</subfield>
  </datafield>
  <datafield tag="998" ind1=" " ind2=" ">
    <subfield code="j">1020</subfield>
    <subfield code="k"> &#xE19;&#xE32;&#xE07;&#xE08;&#xE33;&#xE40;&#xE23;&#xE35;&#xE22;&#xE07;  &#xE23;&#xE30;&#xE27;&#xE31;&#xE07;&#xE2A;&#xE33;&#xE42;&#xE23;&#xE07;</subfield>
  </datafield>
  <datafield tag="952" ind1=" " ind2=" ">
    <subfield code="0">0</subfield>
    <subfield code="1">0</subfield>
    <subfield code="4">0</subfield>
    <subfield code="7">0</subfield>
    <subfield code="8">CLAW</subfield>
    <subfield code="a">NALT</subfield>
    <subfield code="b">NALT</subfield>
    <subfield code="l">0</subfield>
    <subfield code="o">KE 150.2 &#xE28;365&#xE2A; 2549</subfield>
    <subfield code="p">3961161739</subfield>
    <subfield code="r">2017-06-09 00:00:00</subfield>
    <subfield code="w">2017-06-09</subfield>
    <subfield code="y">LB</subfield>
  </datafield>
  <datafield tag="952" ind1=" " ind2=" ">
    <subfield code="0">0</subfield>
    <subfield code="1">0</subfield>
    <subfield code="2">local</subfield>
    <subfield code="4">0</subfield>
    <subfield code="7">0</subfield>
    <subfield code="8">CSEN</subfield>
    <subfield code="a">NALT</subfield>
    <subfield code="b">NALT</subfield>
    <subfield code="c">LAW</subfield>
    <subfield code="d">2022-07-29</subfield>
    <subfield code="o">KE 150.2 &#xE28;365&#xE2A; 2549</subfield>
    <subfield code="p">0100004659001</subfield>
    <subfield code="r">2022-12-07 00:00:00</subfield>
    <subfield code="w">2022-07-29</subfield>
    <subfield code="y">LB</subfield>
  </datafield>
</record>
